| 000 | 00758nam a2200253Ia 4500 | ||
|---|---|---|---|
| 003 | OSt | ||
| 005 | 20220927111239.0 | ||
| 006 | a|||||r|||| 00| 0 | ||
| 007 | ta | ||
| 008 | 220926b |||||||| |||| 00| 0 eng d | ||
| 024 | _a83945 | ||
| 037 | _cReports | ||
| 040 |
_aRTL _cRTL _beng |
||
| 041 |
_2eng _aeng |
||
| 082 | _a"X9(D2).242.N8, M4" | ||
| 110 |
_aAgricultural Economics Research Centre (Delhi) _9381740 |
||
| 245 | 0 | _aEvaluation of investment on sprinklers in Haryana | |
| 260 |
_aDelhi _bThe Author India _c1984 |
||
| 300 |
_a102p. _ccm. |
||
| 650 | _aEngineering | ||
| 700 |
_aAgricultural Economics Research Centre (Delhi) _9381741 |
||
| 942 |
_h"X9(D2).242.N8, M4" _cCC |
||
| 999 |
_c698879 _d698879 |
||